Online
Catalog

La administración del urbanismo / (Record no. 35846)

MARC details
000 -CABECERA
campo de control de longitud fija 00723nam a2200205 a 4500
001 - NÚMERO DE CONTROL
campo de control 000036355
005 - FECHA Y HORA DE LA ÚLTIMA TRANSACCIÓN
campo de control 20200930075703.0
008 - DATOS DE LONGITUD FIJA--INFORMACIÓN GENERAL
campo de control de longitud fija 120113s1971 sp 000 0 spa d
040 ## - FUENTE DE LA CATALOGACIÓN
Centro catalogador/agencia de origen DO-SdBNP
Lengua de catalogación spa
Centro/agencia transcriptor BNPHU
082 ## - NÚMERO DE LA CLASIFICACIÓN DECIMAL DEWEY
Número de clasificación xxx
Número de documento/Ítem C198a
100 1# - ENTRADA PRINCIPAL--NOMBRE DE PERSONA
Nombre de persona Campos Venuti, G.
9 (RLIN) 62538
245 13 - MENCIÓN DE TÍTULO
Título La administración del urbanismo /
Mención de responsabilidad, etc. G. Campos Venuti ; traducción de Jaime Soler Llusá y Manuel Torres Capell.
260 ## - PUBLICACIÓN, DISTRIBUCIÓN, ETC.
Lugar de publicación, distribución, etc. Barcelona :
Nombre del editor, distribuidor, etc. Gustavo Gili,
Fecha de publicación, distribución, etc. 1971.
300 ## - DESCRIPCIÓN FÍSICA
Extensión 250 p. ;
Dimensiones xii, 24 cm.
490 1# - MENCIÓN DE SERIE
Mención de serie Ciencia urbanística
Designación de volumen o secuencia 5
590 ## - NOTA LOCAL (RLIN)
Nota local Inventariado, 2019 /LP
700 1# - PUNTO DE ACCESO ADICIONAL--NOMBRE DE PERSONA
Nombre de persona Soler Llusá, Jaime,
Término indicativo de función/relación traducción
9 (RLIN) 62539
700 1# - PUNTO DE ACCESO ADICIONAL--NOMBRE DE PERSONA
Nombre de persona Torres Capell, Manuel,
Término indicativo de función/relación traducción
9 (RLIN) 62540
830 #0 - PUNTO DE ACCESO ADICIONAL DE SERIE-TÍTULO UNIFORME
Título uniforme Ciencia urbanística
Número de parte o sección de la obra 5
9 (RLIN) 62541
Holdings
Estado de retiro Estado de pérdida Restricciones de uso No para préstamo Código de colección Localización permanente Ubicación/localización actual Ubicación en estantería Fecha de adquisición Número de inventario Total de préstamos Signatura topográfica completa Código de barras Fecha visto por última vez Precio válido a partir de Tipo de ítem Koha
      Excluido de préstamo Monografías: Libros y Folletos General General Depósito 13.01.2012 LF1   xxx C198a 36356-10 25.06.2020 25.06.2020 No se presta

Powered by Koha